| 000 | 007370000a22002050004500 | ||
|---|---|---|---|
| 003 | LK-CoMWRAF | ||
| 005 | 20240131221831.0 | ||
| 008 | 230817t1998 ||||| |||| 00| 0 eng d | ||
| 020 | _a9558051012 | ||
| 040 |
_aLK-CoMWRAF _dLK-CoMWRAF _eLK-CoMWRAF |
||
| 041 | _aeng | ||
| 245 | _aDirectory of individuals and institutions engaged in South Asian strategic studies | ||
| 260 |
_aColombo : _bRegional centre for strategic studies, _c1998 |
||
| 300 | _a253 p. ; 23 cm. | ||
| 650 | _aNATIONAL SECURITY--South Asia--Study and teaching--Directorie | ||
| 650 | _a Security, International--Study and teaching | ||
| 650 | _aSouth Asia--Military policy--Study and teaching | ||
| 650 | _aSouth Asia--Defenses--Study and teaching- | ||
| 942 | _cBK | ||
| 999 |
_c304 _d304 |
||